|
|
|
|
| LEADER |
00957cam a2200253 7i4500 |
| 001 |
0000059316 |
| 005 |
20210811090000.0 |
| 020 |
|
|
|a 9781119244271 (electronic book)
|
| 020 |
|
|
|a 9781119244264 (electronic book)
|
| 090 |
0 |
0 |
|a TN870
|b .C73 2018
|
| 100 |
1 |
|
|a Craddock, Henry A
|
| 245 |
1 |
0 |
|a Oilfield chemistry and its environmental impact
|c Henry A. Craddock.
|
| 264 |
|
|
|a Hoboken:
|b Wiley,
|c 2018.
|
| 300 |
|
|
|a 1 online resource (xx, 552 pages):
|b text file, PDF.
|
| 336 |
|
|
|a text
|2 rdacontent
|
| 337 |
|
|
|a computer
|2 rdamedia
|
| 338 |
|
|
|a online resource
|2 rdacarrier
|
| 650 |
|
0 |
|a Petroleum chemicals
|
| 650 |
|
0 |
|a Petroleum engineering
|
| 655 |
|
0 |
|a Electronic books
|
| 856 |
4 |
2 |
|u http://library.unisel.edu.my/web/guest/mylibrary
|
| 997 |
|
|
|a Engineering & Life Sciences, Faculty
|b Science & Biotechnology, Department
|
| 998 |
|
|
|a Environmental Science (Biodiversity & Conservation), Degree
|
| 999 |
|
|
|a EBO0005585
|b EBOOK
|c EBOOK
|e Electronic resources
|